The shock doctrine : the rise of disaster capitalism

Αποθηκεύτηκε σε:
Λεπτομέρειες βιβλιογραφικής εγγραφής
Κύριος συγγραφέας: Klein, Naomi, 1970-
Μορφή: Βιβλίο
Γλώσσα:English
Δημοσίευση: New York : Metropolitan Books, 2007.
Θέματα:
Ετικέτες: Προσθήκη ετικέτας
Δεν υπάρχουν, Καταχωρήστε ετικέτα πρώτοι!

MARC

LEADER 00000cam a2200000 a 4500
001 1/123669
008 211008s2007####nyu||||||| |||| ||eng||
020 |a 9780805079838 
040 |a GR-MyUa  |b gre  |c GR-MyUa  |e AACR2 
041 0 |a eng 
082 7 |a 330.122   |2 (23) 
100 1 |a Klein, Naomi,   |d 1970- 
245 1 4 |a The shock doctrine :   |b the rise of disaster capitalism /   |c Naomi Klein.  
260 |a New York :   |b Metropolitan Books,   |c 2007.  
300 |a 558 σ. ;   |c 23 εκ.  
650 0 |a Free enterprise. 
650 0 |a Commercial crimes. 
650 0 |a Capitalism. 
650 0 |a Financial crises. 
767 0 8 |i Μεταφρασμένο ως:   |t Το δόγμα του σοκ :  
852 |a INST  |b LESVOS  |e 20211008  |h 330.122 KLE  |p 005100063902  |q 005100063902  |t BK  |y 0 
970 |a Καμάτσου  |b Δέσποινα  |z 08-10-2021